000 00291nam a2200133Ia 4500
008 191201s2009 xx 000 0 und d
100 _aPELCZAR, Michael
245 0 _aMicrobiology
250 _aRep
260 _aN.Delhi
_bTMH
_c2009
300 _a918
650 _aApplied
942 _2ddc
_cBK
999 _c4180
_d4180